| 000 | 00583nam a22001817a 4500 | ||
|---|---|---|---|
| 082 | _aP-808 | ||
| 100 |
_aAhad, Khuwaja Umar _951619 |
||
| 245 | _aModelling and optimization of traffic flows at an urban intersection using VISSIM simulations and CAD software | ||
| 260 |
_aRisalpur, _bMCE, _c2019. |
||
| 300 |
_a80p. _bill. _c30cm. |
||
| 526 |
_a0 _b0 _c0 _dP_808 |
||
| 700 |
_aAfsar, Rizwan _951620 |
||
| 700 |
_aAsif, Muhammad Aamir _951621 |
||
| 700 |
_aDr Muhammad Irfan _917128 |
||
| 700 |
_aKhaliq, Awais _951622 |
||
| 700 |
_aSohaib, Rana Muhammad _951623 |
||
| 942 |
_2ddc _cBK |
||
| 999 |
_c554247 _d554247 |
||